The magic flute ; an opera in two acts. English version, after the libretto of Schikaneder and Giesecke /

Bibliographic Details
Main Author: Mozart, Wolfgang Amadeus, 1756-1791
Other Authors: Schikaneder, Emanuel, 1751-1812, Giesecke, Carl Ludwig, 1761-1833
Format: Book
Language:English
Published: New York : Random House, [1956]
Subjects:

MARC

Tag First Indicator Second Indicator Subfields
LEADER 00000cam a2200000 4500
001 in00000028771
005 20151007062831.0
008 721002s1956 nyu b 00000 eng u
010 |a  56008794  
035 |a (OCoLC)00419947 
035 |9 AAD5900AM 
040 |c OUN  |d TXA  |d UtOrBLW 
049 |a TXAM  |c [272788]  |a TXAS [aude]  |c 2 
050 0 |a ML50.M939  |b Z32 1956 
082 0 |a 782.3 
092 |a 782.3  |b M939m 
100 1 |a Mozart, Wolfgang Amadeus,  |d 1756-1791. 
240 1 4 |a Die Zauberflote. Libretto. English 
245 1 4 |a The magic flute ;  |b an opera in two acts. English version, after the libretto of Schikaneder and Giesecke /  |c by W. H. Auden and Chester Kallman. 
264 1 |a New York :  |b Random House,  |c [1956] 
300 |a xv, 108 pages ;  |c 24 cm. 
336 |a text  |b txt  |2 rdacontent 
337 |a unmediated  |b n  |2 rdamedia 
338 |a volume  |b nc  |2 rdacarrier 
504 |a "Notes": pages [103]-108. 
536 |a From the Howard Mayer Brown, Edward Downes and Mary Schieffelin Book Collections, October 2004. 
650 0 |a Operas  |v Librettos. 
700 1 |a Schikaneder, Emanuel,  |d 1751-1812.  |t Zauberflöte. 
700 1 |a Giesecke, Carl Ludwig,  |d 1761-1833.  |t Zauberflote. 
999 |a MARS 
999 f f |s 88f37408-a778-3351-9899-dbdacacdea75  |i 2231b65c-e5ff-3358-8e15-345c3bd0aaf1  |t 0 
952 f f |p noncirc  |a Texas A&M University  |b College Station  |c Cushing Memorial Library & Archives  |d Cushing: Literature/Auden (Does not check out)  |t 0  |e ML50.M939 Z32 1956  |h Library of Congress classification  |i unmediated -- volume 
952 f f |p ric  |a Texas A&M University  |b Rellis Campus  |c Joint Library Facility  |d Remote Storage  |t 0  |e ML50.M939 Z32 1956  |h Library of Congress classification  |i unmediated -- volume  |m A14801171055 
998 f f |a ML50.M939 Z32 1956  |t 0  |l Cushing: Literature/Auden (Does not check out) 
998 f f |a ML50.M939 Z32 1956  |t 0  |l Remote Storage